Primtive art / (Record no. 62417)
[ view plain ]
| 000 -LEADER | |
|---|---|
| fixed length control field | 00795nam a2200277 a 4500 |
| 001 - CONTROL NUMBER | |
| control field | 62417 |
| 003 - CONTROL NUMBER IDENTIFIER | |
| rucl marc code | BD-RjUL |
| 005 - DATE AND TIME OF LATEST TRANSACTION | |
| control field | 20211209081101.0 |
| 008 - FIXED-LENGTH DATA ELEMENTS--GENERAL INFORMATION | |
| fixed length control field | 170124s1962 nyua|||| |||| 000 0 eng d |
| 035 ## - SYSTEM CONTROL NUMBER | |
| System control number | (BD-RjUL)62543 |
| 040 ## - CATALOGING SOURCE | |
| Original cataloging agency | BD-RjUL |
| Language of cataloging | eng |
| Transcribing agency | BD-RjUL |
| 041 ## - LANGUAGE CODE | |
| Language code of text/sound track or separate title | eng |
| 082 ## - DEWEY DECIMAL CLASSIFICATION NUMBER | |
| Edition number | 23 |
| Classification number | 709.011 |
| Author mark and year | FRP 1962 |
| 100 1# - MAIN ENTRY--PERSONAL NAME | |
| Personal name | Fraser, Douglas |
| 9 (RLIN) | 185648 |
| 245 10 - TITLE STATEMENT | |
| Title | Primtive art / |
| Statement of responsibility, etc. | Douglas Fraser. |
| 250 ## - EDITION STATEMENT | |
| Edition statement | Chanticleer press ed. |
| 260 ## - PUBLICATION, DISTRIBUTION, ETC. (IMPRINT) | |
| Place of publication, distribution, etc. | Garden City, New York : |
| Name of publisher, distributor, etc. | Doubleday & Company Inc., |
| Date of publication, distribution, etc. | 1962. |
| 300 ## - PHYSICAL DESCRIPTION | |
| Pagination | 320 p. : |
| Illustrations | ill.; |
| Size | 22 cm. |
| 490 ## - SERIES STATEMENT | |
| Series statement | Arts of man series. |
| 500 ## - GENERAL NOTE | |
| General note | Includes index. |
| 650 ## - SUBJECT ADDED ENTRY--TOPICAL TERM | |
| Topical term or geographic name as entry element | Art, Primitive |
| 9 (RLIN) | 185649 |
| Topical term or geographic name as entry element | History of art. |
| 9 (RLIN) | 187837 |
| Topical term or geographic name as entry element | Primitive art |
| 9 (RLIN) | 187838 |
| 830 ## - SERIES ADDED ENTRY--UNIFORM TITLE | |
| Uniform title | Arts of man series |
| 942 ## - ADDED ENTRY ELEMENTS (KOHA) | |
| Source of classification or shelving scheme | Dewey Decimal Classification |
| Koha item type | Books |
| Lost status | Source of classification or shelving scheme | Damaged status | Not for loan | Collection code | Permanent Location | Current Location | Shelving location | Date acquired | Source of acquisition | Cost, normal purchase price | Total Checkouts | Full call number | Date last seen | Copy number | Koha item type |
|---|---|---|---|---|---|---|---|---|---|---|---|---|---|---|---|
| Dewey Decimal Classification | Not For Loan | Non-fiction | Central Library, University of Rajshahi | Central Library, University of Rajshahi | Reading Room | 07/06/1965 | Orientalia. | 7.50 | 709.011 FRP 1962 | 24/01/2017 | C-1 | Books |